000 00253nam a2200109Ia 4500
008 190216s9999||||xx |||||||||||||| ||und||
100 _aUroob
245 0 _aMalayalam-Mugham Moodikal
260 _bCurrent Books
650 _aMalayalam Novel
942 _cBK
999 _c24075
_d24075